000
00278nam a2200097Ia 4500
082
_a
155.632 DEAN
245
0
_a
Secrets about men every woman should know
100
_a
DE ANGELIS, Barbara London, 2003
_9
79779
942
_c
BK
008
210817s9999 xx 000 0 und d
999
_c
387478
_d
387477